000 nam a22 7a 4500
999 _c126209
_d126209
005 20170302102745.0
008 170223b xxu||||| |||| 00| 0 eng d
050 _aDT443.3M5M994
100 _aMwangudza, Johnson A.
_929020
245 _aKenya's People
_bmijikenda
_cby Mwangudza, Johnson A.
260 _aLondon
_bEvans Brothers
_c1983
300 _aix, 37p.;
_c22cm.
440 _aKenya people
_929245
650 _aMijikenda (African people)
_929021
942 _2lcc
_cMONOGRAPH